000 00594nam a2200217Ia 4500
005 20250108124923.0
008 008 250107s9999 xx 000 0 eng d
037 _aTB
040 _aCRL
_beng
_cCRL
041 _aeng
_2eng
084 _aO1593,1N39x Q9
084 _qCRL
100 _aAhuja M. L. Au.
245 0 _aEminent Indians: administrators and political thinkers
_cAhuja M. L. Au.
260 _aNew Delhi, India
_bRupa
_c2673
300 _axxii,108p.
365 _aINR
_b275
650 _aBIOGRAPHY
942 _cTB
_hO1593,1N39x Q9
999 _c1235061
_d1235061